Statistics for 200 vanligste ord i norsk

Click here to take the quiz!

General Stats

  • This quiz has been taken 310 times
  • The average score is 46 of 200

Answer Stats

Ord% Correct
de
96%
å
91%
ha
90%
i
84%
jeg
81%
vi
79%
du
74%
der
72%
og
70%
er
69%
han
68%
det
67%
en
65%
hun
65%
63%
si
60%
57%
57%
sa
57%
ja
57%
nei
56%
55%
da
54%
kan
53%
oss
52%
den
52%
hvor
50%
to
50%
se
50%
48%
for
47%
før
47%
tre
45%
var
45%
45%
dem
44%
til
44%
et
44%
meg
44%
har
43%
gi
42%
ta
42%
hva
41%
deg
40%
ut
40%
ikke
40%
fra
40%
vil
38%
inn
36%
skal
36%
henne
35%
la
34%
34%
men
34%
når
33%
min
33%
med
31%
under
31%
her
31%
over
31%
hvordan
29%
hadde
29%
ho
28%
som
28%
av
27%
opp
27%
man
26%
jo
25%
ned
24%
være
24%
kom
23%
alle
22%
kanskje
21%
dette
21%
går
20%
at
20%
gikk
20%
får
20%
om
20%
ville
20%
denne
20%
ved
20%
skulle
19%
kunne
19%
hans
19%
noe
19%
også
18%
dag
18%
seg
18%
ham
18%
gjør
18%
måtte
17%
siden
17%
mer
17%
ser
16%
vet
15%
disse
15%
bli
15%
sier
15%
eller
14%
hennes
14%
uten
13%
år
13%
ingen
13%
etter
13%
komme
13%
noen
13%
tar
12%
sin
12%
fikk
12%
vel
12%
hver
12%
mann
12%
gjøre
11%
bak
11%
god
11%
tok
10%
fordi
10%
hvis
10%
bort
10%
mot
10%
ble
10%
vært
10%
norge
9%
frem
9%
alt
9%
like
9%
fått
9%
sett
8%
mange
8%
stor
8%
sitt
8%
tid
7%
norsk
7%
samme
7%
mye
7%
aldri
7%
kommer
7%
gjorde
7%
bare
7%
tror
7%
alltid
7%
derfor
7%
rett
6%
litt
6%
tatt
6%
fram
6%
blir
6%
mellom
6%
andre
6%
gang
6%
flere
5%
lenge
5%
selv
5%
ny
5%
nok
5%
enn
5%
slik
5%
barn
4%
visste
4%
gjort
4%
sammen
4%
tilbake
4%
gjennom
4%
satt
3%
bergen
2%
liv
2%
store
2%
godt
2%
sine
2%
nesten
2%
mens
2%
heller
2%
hos
2%
oslo
2%
blitt
2%
igjen
2%
kroner
2%
nye
1%
norske
1%
mennesker
1%
gamle
1%
annen
1%
første
1%
sig
1%
blant
1%
både
1%
rundt
1%
først
1%
mener
1%
står
1%
annet
1%
folk
1%
hele
1%
dash
0%
siste
0%
helt
0%
langt
0%

Score Distribution

Percentile by Number Answered

Percent of People with Each Score

Your Score History

You have not taken this quiz